000 01248nam a2200241 a 4500
001 80818
003 BD-RjUL
005 20221121122716.0
008 221121s2019 bg ||||| |||| 00| 0 ben d
020 _a9789843445216 (Vol.1)
020 _a9789843445223 (Vol.2)
035 _a(BD-RjUL)80818
040 _aBD-RjUL
_beng
_cBD-RjUL
041 _aben
082 _223
_a954.14
_bBAI 2019
245 _aবাংলাদেশের ইতিহাস :
_bআঞ্চলিক পরিপ্রেক্ষিতে আদি বাংলা (আনু. ১২০০ সা. অব্দ পর্যন্ত) /
_cসম্পাদক আবদুল মমিন চৌধুরী
300 _aখণ্ড.:
_bচিত্রসমূহ;
_c২৫ সেমি.
504 0 1 _aখণ্ড. ১ম প্রত্নতত্ত্ব রাজনৈতিক ইতিহাস রাষ্ট্রগঠন -- খণ্ড. ২য় সমাজ অর্থনীতি সংস্কৃতি--
650 _a বাংলা (ভারত)
_xইতিহাস
_95950
650 _aBengal (India)
_xHistory
_91261
700 _aচৌধুরী, আবদুল মমিন (সম্পাদক)
_95949
942 _2ddc
_cBK
999 _c80818
_d80818